Qvastiones Disputatae De Sacramentis In Genere, Et Qvibusdam in Specie In Tertiam Partem D: Thomàe, àqvà 60 Traditae in Alma Caesarea Regia et Episcopali Universitate Olomucensi Societatis Jesv

Otázky prednášané o sviatostiach k tretej časti Summy sv. Tomáša Akvinského na univerzite v Olomouci pod vedením Pavla Mezenského, doktora teológie, verejného a riadneho profesora univerzity a dekana teologickej fakulty

Bibliographic Details
Main Author: Mezensky, Pavel, 1648-1701 (Author)
Format: Manuscript Book
Language:Latin
PhysicalDescription:323 nečíslovaných strán rukopis, viazaný 20 cm
Published: [Olomouc] 1694
Subjects:

MARC

LEADER 00000ntmaa2200000 a 4500
001 vtls011739509
003 SK-MaSNL
005 20260425230647.0
008 230802s1694 xr || 000 s lat
035 |a urn:nbn:sk:snk-tm00elqd 
035 |a urn:nbn:sk:snk-tm3n3qm 
035 |a 42803ED7-C888-4001-B218-7EABD5256961 
040 |a SNKLA  |b slo  |c SNKLA  |e AACR2 
041 0 |a lat 
044 |a xr  |c CZ 
072 7 |a 27-78  |x Kresťanské združenia, spolky a organizácie. Rehoľné rády  |2 konspekt 
080 |a 2-11  |2 2011 
080 |a 82-5  |2 2011 
080 |a 025.171  |2 2011 
100 1 |a Mezensky, Pavel,  |d 1648-1701  |4 aut  |9 429932 
245 1 0 |a Qvastiones Disputatae De Sacramentis In Genere, Et Qvibusdam in Specie In Tertiam Partem D: Thomàe, àqvà 60 Traditae in Alma Caesarea Regia et Episcopali Universitate Olomucensi Societatis Jesv  |c traditae ... p. Paulo Mezensky 
246 3 3 |a Qvastiones Disputatae De Sacramentis In Genere, Et Qvibusdam in Specie In Tertiam Partem Domini Thomae, aquaestione 60 Traditae in Alma Caesarea Regia et Episcopali Universitate Olomucensi Societatis Jesv 
260 |a [Olomouc]  |c 1694 
300 |a 323 nečíslovaných strán  |b rukopis, viazaný  |c 20 cm 
520 2 |a Otázky prednášané o sviatostiach k tretej časti Summy sv. Tomáša Akvinského na univerzite v Olomouci pod vedením Pavla Mezenského, doktora teológie, verejného a riadneho profesora univerzity a dekana teologickej fakulty 
555 0 |a Inventár rukopisov Archívu literatúry a umenia Matice slovenskej. Rukopisy historických knižníc na Slovensku II. Martin: Matica slovenská 1995 
600 0 7 |a Tomáš Akvinský,  |c svätý,  |d 1225-1274  |2 SNKMA  |9 156171 
610 2 7 |a Jezuiti  |2 SNKKA  |9 30953 
610 2 7 |a Univerzita Palackého v Olomouci  |2 SNKKA  |9 110339 
650 0 7 |a teológia  |2 SNKPH  |9 1814 
651 7 |a Olomouc (Česko)  |2 SNKPHgeo  |9 30879 
651 7 |a Slovensko  |2 SNKPHgeo  |9 14231 
655 7 |a prednášky  |2 SNKPH  |9 70554 
655 7 |a rukopisy  |2 SNKPH  |9 70548 
852 |a Slovenská národná knižnica  |b Literárny archív 
958 |a ZH 
958 |a LAVD 
999 |c 682199  |d 684129 
952 |a SNKLA  |b SNKLA  |c SNKLA_DEP  |y NEVYP  |7 0  |p 17A1227951  |o snkRHKS 1458  |0 0  |1 0  |4 0  |d 2018-01-30  |f 1  |l 0  |r 2026-02-23 20:01:04  |w 2026-02-23